Analýza a prognóza vývoja vybraných výrobných zariadení skúsenosti I.D.C. Holding, a.s. orientované na zvyšovanie produktivity práce

Využitím modelovania a simulácie v programovom prostredí Witness je možné nachádzať neproduktívne miesta, ktoré narušujú plynulosť výroby. Aplikácia simulácie procesov pri reinžinieringu. Modelovanie a simulácia procesov v prípade linky L5 na výrobu horaliek.

Gespeichert in:
Bibliographische Detailangaben
1. Verfasser: Kassay, Štefan
Format: Buchkapitel
Sprache:Slowakisch
Schlagworte:
Tags: Tag hinzufügen
Keine Tags, Fügen Sie das erste Tag hinzu!

MARC

LEADER 00000naa a2200000 4500
001 r039970
005 20231002120916.5
041 0 |a slo 
044 |a SK 
245 1 0 |a Analýza a prognóza vývoja vybraných výrobných zariadení  |b skúsenosti I.D.C. Holding, a.s. orientované na zvyšovanie produktivity práce  |c Štefan Kassay 
520 |a Využitím modelovania a simulácie v programovom prostredí Witness je možné nachádzať neproduktívne miesta, ktoré narušujú plynulosť výroby. Aplikácia simulácie procesov pri reinžinieringu. Modelovanie a simulácia procesov v prípade linky L5 na výrobu horaliek. 
610 2 0 |a proces výrobný 
610 2 0 |a simulácia 
610 2 0 |a modelovanie 
610 2 0 |a reengineering 
610 2 0 |a produktivita práce 
610 2 0 |a linky výrobné 
610 2 0 |a I.D.C. Holding, a.s. 
100 1 |a Kassay, Štefan